Nuestros años verde olivo
Gorde:
| Egile nagusia: | |
|---|---|
| Formatua: | Liburua |
| Hizkuntza: | gaztelania |
| Argitaratua: |
Santiago
Edisur
2010
|
| Edizioa: | 1a. ed |
| Saila: | Biblioteca Roberto Ampuero
|
| Gaiak: | |
| Etiketak: |
Etiketa erantsi
Etiketarik gabe, Izan zaitez lehena erregistro honi etiketa jartzen!
|
MARC
| LEADER | 00000cam a2200000 a 4500 | ||
|---|---|---|---|
| 001 | UCE2658 | ||
| 003 | CL-VaPUC | ||
| 008 | 140717e20100000cl |||||||||||||||||spa|d | ||
| 020 | |a 9789563340624 | ||
| 082 | 0 | 4 | |a Ch863 |b AMP |2 21 |
| 100 | 0 | |a Ampuero, Roberto |e author |9 575182 | |
| 245 | 1 | 0 | |a Nuestros años verde olivo |
| 250 | |a 1a. ed | ||
| 300 | |a 431 p | ||
| 942 | |c BK | ||
| 945 | |d 20140717 11:12:00 |a dcastane | ||
| 260 | |a Santiago |b Edisur |c 2010 | ||
| 650 | 0 | |a Novelas chilenas |9 265425 | |
| 650 | 0 | |a Literatura chilena |9 308278 | |
| 583 | |a last modification |c 20140717 11:12:00 |k Rodrigo Vera | ||
| 490 | 0 | |a Biblioteca Roberto Ampuero | |
| 999 | |c 356233 |d 356231 | ||